BRE Global launches new framework standard for responsible sourcing of construction products (Record no. 80922)

MARC details
000 -LEADER
fixed length control field 01470cad a22002415a 4500
001 - CONTROL NUMBER
control field L145702
008 - FIXED-LENGTH DATA ELEMENTS--GENERAL INFORMATION
fixed length control field 081103e20081030xxko f 000 0 eng d
035 ## - SYSTEM CONTROL NUMBER
System control number (Sirsi) u145702
041 0# - LANGUAGE CODE
Language code of text/sound track or separate title eng
110 2# - MAIN ENTRY--CORPORATE NAME
Corporate name or jurisdiction name as entry element Building Research Establishment
245 00 - TITLE STATEMENT
Title BRE Global launches new framework standard for responsible sourcing of construction products
Medium [electronic resource]
260 ## - PUBLICATION, DISTRIBUTION, ETC.
Date of publication, distribution, etc. 2008
490 ## - SERIES STATEMENT
Series statement BRE Press Release
Volume/sequential designation 30 October 2008
520 ## - SUMMARY, ETC.
Summary, etc. Reports on the launch of a new framework standard for the responsible sourcing of products by BRE Global. Called BRE Environmental and Sustainability Standard (BES) 6001:2008, it takes into account the social, economic and environmental aspects of sustainability. It deals with issues such as material of production, working conditions of those producing the item, and its impact on the environment. Shows that the standard establishes requirements under three categories: organisational management, supply chain management, environmental and social issues.
590 ## - LOCAL NOTE (RLIN)
Local note KA NTK
650 24 - SUBJECT ADDED ENTRY--TOPICAL TERM
Topical term or geographic name entry element BRE ENVIRONMENTAL AND SUSTAINABILITY STANDARD (BES)
651 #4 - SUBJECT ADDED ENTRY--GEOGRAPHIC NAME
Geographic name England
Chronological subdivision 886-
690 ## - LOCAL SUBJECT ADDED ENTRY--TOPICAL TERM (OCLC, RLIN)
Topical term or geographic name as entry element ENVIRONMENTAL AND LAND CONSULTANCY-SUSTAINABILITY
690 ## - LOCAL SUBJECT ADDED ENTRY--TOPICAL TERM (OCLC, RLIN)
Topical term or geographic name as entry element BUILDING AND CONSTRUCTION-MATERIALS AND PRODUCTS
690 ## - LOCAL SUBJECT ADDED ENTRY--TOPICAL TERM (OCLC, RLIN)
Topical term or geographic name as entry element MANAGEMENT-BUSINESS MANAGEMENT-BUSINESS ETHICS-CORPORATE SOCIAL RESPONSIBILITY
856 40 - ELECTRONIC LOCATION AND ACCESS
Uniform Resource Identifier <a href="https://www.bre.co.uk/newsdetails.jsp?id=513 ">https://www.bre.co.uk/newsdetails.jsp?id=513 </a>
Public note View this item at www.bre.co.uk...
942 ## - ADDED ENTRY ELEMENTS (KOHA)
Suppress in OPAC 0
Holdings
Withdrawn status Lost status Source of classification or shelving scheme Damaged status Not for loan Home library Current library Shelving location Date acquired Total Checkouts Full call number Barcode Date last seen Copy number Price effective from Koha item type
    Dewey Decimal Classification     Virtual Virtual Online 03/11/2008   ONLINE PUBLICATION 145702-2001 06/08/2019 1 06/08/2019 Online material